[Event "It (open)"]
[Site "masterchessopen.com Southend (England)"]
[Date "2005.03.26"]
[Round "4"]
[White "Poobalasingam Peter (ENG)"]
[Black "Horton Justin (ENG)"]
[Result "1-0"]
[WhiteElo "2060"]
[BlackElo "2068"]

1.d4 Nf6 2.c4 e6 3.Nc3 Bb4 4.e3 O-O 5.Ne2 d5 6.a3 Be7 7.cxd5 exd5 8.Ng3 c6
9.Bd3 Qc7 10.O-O Bd6 11.Bd2 Re8 12.Rc1 a6 13.Qa4 Bg4 14.b4 Nbd7 15.f3 Bxg3
16.hxg3 Bh5 17.g4 Bxg4 18.fxg4 Nxg4 19.Rf4 Ndf6 20.Nxd5 Nxd5 21.Rxg4 Nxe3
22.Bxe3 Rxe3 23.Qc2 h5 24.Rg5 Qf4 25.Bh7+ Kh8 26.Rxh5 Qxd4 27.Kh1 Rae8 28.Rf1
R8e5 29.Rh2 g6 30.Bxg6+ Kg7 31.Rh7+ Kg8 32.Bxf7+ Kf8 33.Bh5+ Kg8 34.Qg6# 1-0

[Event "Bundesliga B East 2004/05"]
[Site "masterchessopen.com Austria"]
[Date "2005.04.09"]
[Round "10"]
[White "Schweda Roland (AUT)"]
[Black "Schroll Gerhard (AUT)"]
[Result "1-0"]
[WhiteElo "2416"]
[BlackElo "2362"]

1.d4 Nf6 2.c4 e6 3.Nc3 Bb4 4.e3 O-O 5.Ne2 d5 6.a3 Be7 7.Nf4 c6 8.Bd3 dxc4
9.Bxc4 b5 10.Be2 a5 11.O-O Ba6 12.Nd3 Nbd7 13.b4 Nd5 14.Bd2 axb4 15.Nxd5 exd5
16.Bxb4 Nb6 17.Ne5 Bb7 18.Bd3 Bxb4 19.axb4 Qd6 20.Rxa8 Bxa8 21.Qh5 g6 22.Qh6
Nc4 23.f4 Bb7 24.Bxc4 {#r} 1-0

[Event "Ch England (team) 2004/05 (3 div)"]
[Site "masterchessopen.com England"]
[Date "2005.04.16"]
[Round "7"]
[White "Firth Malcolm"]
[Black "Anderton Matthew (ENG)"]
[Result "1-0"]
[WhiteElo "2130"]
[BlackElo "2205"]

1.d4 Nf6 2.c4 e6 3.Nc3 Bb4 4.e3 O-O 5.Ne2 Re8 6.a3 Bf8 7.g3 d5 8.Bg2 Nc6
9.cxd5 exd5 10.Nf4 Bg4 11.Qa4 Ne7 12.Qb3 c5 13.O-O a6 14.Qxb7 Rb8 15.Qxa6 c4
16.Qa4 Rb3 17.Nfxd5 Nfxd5 18.Nxd5 Qc8 19.Nc3 Bd7 20.Qa5 Nc6 21.Qh5 Bg4 22.Qd5
Ne7 23.Qa5 Nf5 24.h3 {#r} 1-0

[Event "Ch Russia (club)"]
[Site "masterchessopen.com Sochi (Russia)"]
[Date "2005.04.23"]
[Round "5"]
[White "Volkov Sergey Viktorovich (RUS)"]
[Black "Onischuk Alexander (USA)"]
[Result "1-0"]
[WhiteElo "2614"]
[BlackElo "2640"]

{ Volkov Sergey Viktorovich (RUS) +4 =8 -0 Onischuk Alexander (USA) +1 =2 -0 }
1.d4 Nf6 2.c4 e6 3.Nc3 Bb4 4.e3 O-O 5.Ne2 d5 6.a3 Be7 7.cxd5 exd5 8.b4 ( 8.g3
c6 9.b4 Re8 10.Bg2 Nbd7 11.O-O a6 12.f3 Nf8 13.e4 dxe4 14.fxe4 Bg4 15.Be3 Ng6
16.Kh1 Bf8 17.h3 Bxe2 18.Qxe2 Nd7 19.Qf2 Qe7 20.Rae1 a5 21.b5 Nb6 22.bxc6 bxc6
23.e5 Rac8 24.h4 Qe6 25.Kh2 Rc7 26.Ne4 h6 27.Bh3 Qd5 { ...1-0, Volkov Sergey
Viktorovich 2628 - Tunik Gennady 2476 , Internet 24.12.2004 Cup Russia "Chess
Planet" (5 final) (blitz) } ) 8...c6 9.Ng3 Re8 10.Bd3 Nbd7 11.O-O { ? } (
11.Bd2 Nf8 12.O-O Ng6 13.Qc2 Bd6 14.Nce2 Bd7 15.f3 Bc7 16.Rfb1 a6 17.a4 Nh4
18.Nf1 Qc8 19.Be1 Ng6 20.b5 Nf8 21.bxa6 bxa6 22.e4 dxe4 23.fxe4 Bg4 24.e5 N6d7
25.Qxc6 Qd8 26.Bf2 Rc8 27.Bxa6 Re6 28.Qc4 Rb8 29.Rxb8 Bxb8 30.Bb7 Nb6 {
...1-0, Manolache Marius 2463 - Burnoiu Nicolae-Costel 2411 , Bucharest 2003
Memorial V.Ciocaltea (cat.9) } ) 11...Nb6 ( 11...Bf8 12.Qc2 g6 13.Bb2 Bg7
14.Qb3 Ng4 15.h3 Ngf6 16.b5 Nf8 17.bxc6 bxc6 18.Na4 Qd6 19.Rfd1 Rxe3 20.fxe3
Qxg3 21.Qc2 Bh6 22.Re1 Bxe3+ 23.Kf1 Ng4 24.hxg4 Qf4+ { 0-1, Mititelu Gheorghe
2300 - Lahti Jouko 2025 , Reykjavik 1957 Olympiad (students) (team) } ) (
11...Bd6 12.f4 a5 13.Rb1 axb4 14.axb4 Bf8 15.Qc2 Nb6 16.Bd2 h6 17.Nd1 Bd7
18.Nf2 h5 19.Ra1 h4 20.Ne2 Rb8 21.Kh1 Nc8 22.Ng1 Nd6 23.Nf3 Nfe4 24.Be1 Nf5
25.Nd1 Qf6 26.Bxe4 Rxe4 27.Ng5 Ree8 28.Bxh4 Qg6 29.Qf2 f6 30.Nf3 Bxb4 31.Qb2 {
...0-1, Benitah Yohann 2381 - Lautier Joel 2638 , Besancon 1999 Ch France
(gr.1) (cat.11) } ) 12.Rb1 Bd6 ( 12...a5 13.bxa5 Rxa5 14.Qb3 Na8 15.a4 Bd6
16.Bd2 Ra7 17.f3 Qc7 18.Nce2 h5 19.Rfe1 h4 20.Nf1 b6 21.Qc2 c5 22.Nc3 Bd7
23.Nb5 Bxb5 24.Bxb5 Re6 25.Qf5 Qd8 26.dxc5 Bxc5 27.Bb4 Nc7 28.Bxc5 bxc5 29.e4
g6 30.Qg5 dxe4 31.Qxc5 Nxb5 32.axb5 { ...1/2-1/2, Sargissian Gabriel 2611 -
Jenni Florian 2503 , Calvia 26.10.2004 Olympiad } ) ( 12...Be6 13.a4 Bd6 14.a5
Nc8 15.f3 Bc7 16.Na4 Nd6 17.Nc5 Bc8 18.e4 b6 19.e5 bxc5 20.bxc5 Nc4 21.Bxc4
dxc4 22.exf6 Qxf6 23.Ne4 Qg6 24.Bd2 Bh3 25.Qe2 Re7 26.Kh1 Bf5 27.Rb7 Bc8
28.Rxc7 Rxc7 29.Bf4 Re7 30.Bd6 Re6 31.Qxc4 Re8 32.Qa4 { ...1-0, Illescas
Cordoba Miguel 2640 - Slobodjan Roman 2520 , Pamplona 1996 It } ) ( 12...a6 {
-0.56 CAP } ) 13.b5 { N } ( 13.a4 Bxg3 14.hxg3 Ne4 15.Bxe4 dxe4 16.b5 Be6
17.Nxe4 Ba2 18.Ra1 Bc4 19.Nc5 Bxf1 20.Qxf1 Nd7 21.Nxb7 Qc7 22.bxc6 Qxc6 23.Qb5
Qxb5 24.axb5 Reb8 25.Nd6 a6 26.bxa6 Rb6 27.Ne4 Rbxa6 28.Rxa6 Rxa6 29.Bb2 Rb6
30.Ba3 Rb1+ 31.Kh2 f5 32.Nd6 Nf6 { ...1/2-1/2, Gurevich Dmitry 2492 - Onischuk
Alexander 2658 , Chicago 2002 It (open) "US Masters" } ) ( 13.f4 a5 14.bxa5
Rxa5 15.Qb3 Bc7 16.h3 Bd7 17.Qb4 Ra7 18.Qb3 Nc8 19.e4 dxe4 20.Ncxe4 Nxe4
21.Bxe4 Be6 22.Qd3 Nd6 23.Bxh7+ Kh8 24.d5 Bxd5 25.Bb2 Bb6+ 26.Kh2 Re3 27.Qc2
Qh4 { 0-1, Jacimovic Dragoljub 2465 - Vescovi Giovanni 2526 , Istanbul 2000
Olympiad } ) ( 13.h3 { -0.04 CAP } ) 13...c5 14.dxc5 Bxc5 15.Na4 Bd6 { ?! } (
15...Nxa4 { !? } 16.Qxa4 d4 17.Qc2 dxe3 { } ) 16.Nxb6 axb6 17.Bb2 Qe7 18.Bxf6
Qxf6 19.Qh5 g6 20.Qxd5 Rd8 21.Qc4 Be6 22.Qc2 { ?! } ( 22.Qe4 { !? } 22...Bxg3
23.hxg3 Bd5 24.Qf4 { } ) 22...Rxa3 23.Be4 Ra2 24.Qc1 Bxg3 25.hxg3 Rdd2 { ?! }
( 25...Rc8 { !? } 26.Qd1 Bc4 27.Bd5 Rd8 { } ) 26.Qc7 Rxf2 27.Bxb7 { ?! } (
27.Qxb6 { !? } 27...Kg7 28.Qxb7 Rxf1+ 29.Rxf1 { } ) 27...Rac2 { ?? } ( { ? }
27...Rad2 28.Be4 Bg4 29.Qc6 Rxf1+ { } ) 28.Qxc2 { +5.50 CAP } {#r} 1-0

[Event "Ch Croatia (team) (2nd league)"]
[Site "masterchessopen.com Croatia"]
[Date "2005.04.24"]
[Round "3"]
[White "Dugandzic Boris (CRO)"]
[Black "Marinkovic Stjepko (CRO)"]
[Result "0-1"]
[WhiteElo "2235"]
[BlackElo "2206"]

1.d4 Nf6 2.c4 e6 3.Nc3 Bb4 4.e3 O-O 5.Ne2 b6 6.a3 Be7 7.Ng3 Bb7 8.e4 d6 9.Bd3
Nbd7 10.O-O e5 11.d5 Ne8 12.b4 Bg5 13.Na4 g6 14.c5 Bxc1 15.Rxc1 Ndf6 16.Rc3
Bc8 17.cxd6 Nxd6 18.Qb3 Qe7 19.Rfc1 Nfe8 20.Nb2 a5 21.bxa5 Rxa5 22.Nc4 Nxc4
23.Bxc4 Bd7 24.Nf1 Kg7 25.Be2 Ra7 26.Ne3 Ba4 27.Qb4 Qd8 28.Nc4 f6 29.Bg4 Bd7
30.Bd1 Rf7 31.d6 Be6 32.dxc7 Raxc7 33.Bb3 Qd4 34.Qxb6 Qxb6 35.Nxb6 Bxb3
36.Rxc7 Rxc7 {#R} 0-1

[Event "Ch Europe"]
[Site "masterchessopen.com Warsaw (Poland)"]
[Date "2005.06.26"]
[Round "8"]
[White "Kovacevic Blazimir (CRO)"]
[Black "Michalczak Thomas (GER)"]
[Result "1-0"]
[WhiteElo "2493"]
[BlackElo "2386"]

1.c4 Nf6 2.Nc3 e6 3.d4 Bb4 4.e3 O-O 5.Ne2 d5 6.a3 Bd6 7.c5 Be7 8.b4 b6 9.Bb2
c6 10.Nf4 bxc5 11.bxc5 e5 12.dxe5 Nfd7 13.Na4 Nxc5 14.Nxc5 Bxc5 15.Bd3 Qa5+
16.Qd2 Qxd2+ 17.Kxd2 Be6 18.Rhc1 Nd7 19.Bd4 Bxd4 20.exd4 c5 21.Bb5 Rab8
22.Nxe6 fxe6 23.Bxd7 Rb2+ 24.Kc3 Rfb8 25.Bxe6+ Kf8 26.Bxd5 {#r} 1-0

[Event "It (open)"]
[Site "masterchessopen.com Ljubljana (Slovenia)"]
[Date "2005.07.15"]
[Round "9"]
[White "Sitnik Igor (SLO)"]
[Black "Volf Ziga (SLO)"]
[Result "1-0"]
[WhiteElo "2258"]
[BlackElo "2144"]

1.d4 Nf6 2.c4 e6 3.Nc3 Bb4 4.e3 O-O 5.Ne2 c5 6.a3 Bxc3+ 7.Nxc3 cxd4 8.exd4 d5
9.c5 b6 10.b4 a5 11.Rb1 axb4 12.axb4 bxc5 13.dxc5 d4 14.Nb5 e5 15.Bc4 Bf5
16.Rb3 Ra1 17.O-O Nc6 18.Nd6 Bg6 19.Ra3 Rb1 20.b5 Nb4 21.Qa4 Nd7 22.Nb7 Qc8
23.Qa7 Qc7 24.Bd2 Rb2 25.Be1 Rc8 26.b6 Qc6 27.Na5 Qxc5 28.Qxd7 Nc2 29.b7 Rb8
30.Rg3 Nxe1 31.Rxg6 hxg6 32.Bxf7+ Kh7 33.Qh3# 1-0

[Event "It (open)"]
[Site "masterchessopen.com Avoine (France)"]
[Date "2005.07.25"]
[Round "3"]
[White "Gaborit Jean-Pierre (FRA)"]
[Black "Sulypa Alexandre (UKR)"]
[Result "0-1"]
[WhiteElo "2272"]
[BlackElo "2489"]

1.d4 Nf6 2.c4 e6 3.Nc3 Bb4 4.e3 O-O 5.Ne2 d5 6.a3 Be7 7.Nf4 c6 8.Bd3 Nbd7
9.cxd5 exd5 10.g4 Re8 11.g5 Ne4 12.Nxe4 dxe4 13.Bc4 Nb6 14.Bb3 Bxg5 15.Qh5 Nd5
16.Nxd5 g6 17.Qe2 cxd5 18.Bd2 Be6 19.h4 Be7 20.Ba4 Rf8 21.h5 Rc8 22.Bc3 f5
23.hxg6 hxg6 24.f4 Kg7 25.Kd2 Qb6 26.Rag1 Rh8 27.Qg2 Bf7 28.Bd7 Rxc3 29.bxc3
Qb2+ {#R} 0-1

[Event "Ch Great Britain"]
[Site "masterchessopen.com Douglas (England)"]
[Date "2005.08.03"]
[Round "3"]
[White "Mitchell Martin (SCO)"]
[Black "Emms John M (ENG)"]
[Result "0-1"]
[WhiteElo "2187"]
[BlackElo "2502"]

1.d4 Nf6 2.c4 e6 3.Nc3 Bb4 4.e3 O-O 5.Ne2 d5 6.a3 Bd6 7.c5 Be7 8.b4 b6 9.Bd2
c6 10.Nf4 Nbd7 11.Be2 e5 12.Nd3 exd4 13.exd4 Ne4 14.Nxe4 dxe4 15.Nf4 Nf6
16.Be3 g5 17.Nh5 Nxh5 18.Bxh5 f5 19.f4 Be6 20.O-O h6 21.Be2 Bf6 22.g3 bxc5
23.bxc5 Rb8 24.Qa4 Rb3 25.Bc4 Bxc4 26.Qxc4+ Qd5 27.Qxd5+ cxd5 28.Kf2 Rb2+
29.Ke1 gxf4 30.gxf4 Rfb8 31.Rc1 R8b3 32.Bd2 e3 33.Rg1+ Kf7 {#R} 0-1

[Event "It (open)"]
[Site "masterchessopen.com Recklinghausen (Germany)"]
[Date "2005.08.04"]
[Round "4"]
[White "Jaehnisch Frank (GER)"]
[Black "Ruetten Ingmar (GER)"]
[Result "1-0"]
[WhiteElo "2240"]
[BlackElo "2011"]

1.d4 Nf6 2.c4 e6 3.Nc3 Bb4 4.e3 O-O 5.Ne2 d5 6.a3 Be7 7.cxd5 exd5 8.b4 Re8
9.Ng3 Nbd7 10.Bd3 Nf8 11.O-O g6 12.b5 Bd6 13.a4 Ng4 14.h3 Nf6 15.f4 c5 16.Qf3
cxd4 17.exd4 Bb4 18.Nce2 Qe7 19.f5 Ne4 20.fxg6 Nxg6 21.Nxe4 dxe4 22.Bxe4 Qxe4
23.Qxf7+ Kh8 24.Bg5 Qe3+ 25.Bxe3 Rxe3 26.Nf4 Nxf4 27.Qxf4 Re2 28.Qf6+ Kg8
29.Qg5+ Kh8 30.Rf7 {#r} 1-0

[Event "Ch Portugal (b)"]
[Site "masterchessopen.com Vila Real (Portugal)"]
[Date "2005.08.07"]
[Round "5"]
[White "Costa Paulo (POR)"]
[Black "Pereira Joaquim Costa (POR)"]
[Result "1-0"]
[WhiteElo "2204"]
[BlackElo "2069"]

1.d4 Nf6 2.c4 e6 3.Nc3 Bb4 4.e3 O-O 5.Ne2 b6 6.a3 Be7 7.d5 d6 8.g3 e5 9.Bg2 a5
10.h3 Bd7 11.b3 c5 12.O-O Na6 13.f4 exf4 14.exf4 Re8 15.f5 Nc7 16.a4 Bc8 17.g4
h6 18.Bf4 Nh7 19.Ne4 Ng5 20.N4g3 Rf8 21.Qd2 Ne8 22.Rae1 Nh7 23.Nh5 Nhf6
24.Neg3 Kh7 25.Re2 Rg8 26.Rfe1 Bf8 27.Bxh6 Bd7 28.Bg5 Qc8 29.Kh2 Qc7 30.Bxf6
gxf6 31.Rxe8 Bh6 32.Nxf6+ Kg7 33.Nfh5+ {#r} 1-0

[Event "Ch NATO"]
[Site "masterchessopen.com Kolobrzeg (Poland)"]
[Date "2005.08.27"]
[Round "7"]
[White "Victoria Narciso (USA)"]
[Black "Kurpnieks Vairis (LAT)"]
[Result "1-0"]
[WhiteElo "2175"]
[BlackElo "2071"]

1.d4 Nf6 2.c4 e6 3.Nc3 Bb4 4.e3 O-O 5.Ne2 b6 6.a3 Be7 7.Nf4 Bb7 8.Bd3 d6 9.O-O
Nbd7 10.Qc2 h6 11.b4 a5 12.b5 e5 13.Nfd5 Nxd5 14.Nxd5 Nf6 15.dxe5 Nxd5 16.cxd5
Bxd5 17.Rd1 Qc8 18.Bh7+ Kh8 19.Rxd5 {#r} 1-0

[Event "Ch Netherlands"]
[Site "masterchessopen.com Leeuwarden (Netherlands)"]
[Date "2005.09.12"]
[Round "5"]
[White "Janssen Ruud (NED)"]
[Black "Van Wely Loek (NED)"]
[Result "0-1"]
[WhiteElo "2492"]
[BlackElo "2648"]

{ Janssen Ruud (NED) +0 =0 -1 Van Wely Loek (NED) +1 =1 -0 } 1.d4 Nf6 2.c4 e6
3.Nc3 Bb4 4.e3 O-O 5.Ne2 d5 6.a3 Be7 7.cxd5 exd5 8.g3 { = } 8...a5 ( 8...c6
9.Bg2 Na6 10.Qc2 Nc7 11.O-O a5 12.Bd2 Re8 13.Rad1 Ne6 14.Bc1 b5 15.f3 Ba6
16.Rfe1 Rc8 17.Kh1 b4 18.Na4 c5 19.Nxc5 Nxc5 20.dxc5 Bxc5 21.Bh3 Rc7 22.Qb3
bxa3 23.bxa3 Bc4 24.Qb2 Bxe3 25.Bxe3 Rxe3 26.Nd4 Rce7 27.Rxe3 Rxe3 28.Qc1 Re8
29.Re1 Rxe1+ 30.Qxe1 Qb6 31.Qa1 g6 32.Bg2 Nd7 33.h4 Qf6 34.Qd1 Nc5 35.Kh2 a4
36.f4 Qb6 37.h5 Qf6 38.hxg6 hxg6 39.Bf3 Nb3 40.Nc2 Qh8+ 41.Kg2 Qb2 42.Kh3 d4
43.f5 gxf5 44.Bc6 d3 45.Ne3 Qd4 46.Qf3 Nd2 47.Qf2 Ne4 48.Bxe4 { ...0-1,
Conquest Stuart 2601 - Adams Michael 2731 , England 2001 Ch England (team)
2001/02 } ) ( 8...Nbd7 9.Bg2 Nb6 10.O-O Re8 11.b3 c6 12.Nf4 Bf8 13.Nd3 a5
14.Ne5 Nfd7 15.Nd3 Nf6 16.Re1 Ne4 17.Bb2 Nxc3 18.Bxc3 a4 19.b4 Nc4 20.Nc5 b6
21.Nxa4 Re7 22.Nb2 Rxa3 23.Nxc4 Rxc3 24.Ne5 Rc7 25.Qb1 c5 26.bxc5 bxc5 27.dxc5
Qf6 28.Nf3 R3xc5 29.Nd4 Bd7 30.Ra8 Rc8 31.Ra7 Qd6 32.h4 g6 33.Rb7 Bg7 34.Qb4
Bxd4 35.Qxd4 h5 36.Rd1 Be6 37.Kh2 Qc6 38.Rdb1 Qe8 39.Qf6 Qd8 40.Re7 R5c6
41.Rbb7 Qf8 42.Qg5 Re8 43.Rxe8 Qxe8 44.Bxd5 Bxd5 45.Qxd5 Rf6 46.Rb2 Qc6 47.Qd4
Qd6 48.Kg2 { ...1/2-1/2, Giorgadze Giorgi 2605 - Emms John M 2485 , Muenster
1995 It (open) } ) 9.Bg2 Re8 ( 9...Na6 10.O-O Re8 11.Bd2 h6 12.Be1 Bf8 13.Qd2
c5 14.f3 Nc7 15.Bf2 b6 16.Rfe1 Bb7 17.g4 g6 18.b3 Ne6 19.h3 Bg7 20.Rad1 Rc8
21.a4 Ba6 22.Bg3 Bf8 23.Be5 Bxe2 24.Qxe2 cxd4 25.Bxf6 Qxf6 26.Nxd5 Qh4 27.Kh1
dxe3 28.Qxe3 Nc7 { 0-1, Epishin Vladimir 2583 - Sokolov Andrei 2602 , Geneva
2001 It (open) } ) ( 9...c6 10.O-O Na6 11.Qd3 Nc7 12.f3 c5 13.Rd1 Ne6 14.Kh1
a4 15.Qc2 Bd7 16.dxc5 Nxc5 17.Nxd5 Nxd5 18.Rxd5 Qb6 19.Nd4 Rac8 20.Qd1 Be6
21.Nxe6 fxe6 22.Rd4 Nb3 23.Rb1 Nxd4 24.exd4 Rfd8 25.Bh3 Bf6 26.Qxa4 Rc6 27.Be3
Bxd4 28.Bg5 Rd5 29.Be7 Kf7 30.Bb4 Bf6 31.Qb3 Rd2 32.Re1 Rxb2 33.Qd3 Qf2 { 0-1,
Bukhman Eduard 2372 - Tal Mikhail 2650 , Kharkov 1967 Ch URS (swiss) } )
10.O-O Na6 11.h3 ( 11.Bd2 c6 12.h3 Nc7 13.g4 Bd6 14.Rc1 h5 15.g5 Ne4 16.f4
Nxd2 17.Qxd2 Qe7 18.e4 dxe4 19.Nxe4 Bf5 20.N2g3 Bxe4 21.Nxe4 Nd5 22.Rce1 Qc7
23.f5 Bg3 24.Re2 h4 25.g6 fxg6 26.fxg6 Rf8 27.Qg5 Bh2+ 28.Kh1 Rxf1+ 29.Bxf1
Qf4 30.Bg2 Bg3 31.Qxf4 Nxf4 32.Re3 Nxg6 33.Nxg3 hxg3 34.d5 Rd8 35.Rxg3 Nf4 {
1/2-1/2, Petkov Vladimir 2413 - Delchev Aleksander 2601 , Plovdiv 25.11.2004
Ch Bulgaria (team) } ) ( 11.Qc2 Bf8 12.Bd2 c6 13.Rad1 g6 14.f3 c5 15.Bc1 cxd4
16.exd4 Nc7 17.Nf4 b5 18.Nd3 Ne6 19.Be3 b4 20.axb4 axb4 21.Na4 Ba6 22.Rfe1 Rc8
23.Qd2 Bc4 24.Nac5 Bxd3 25.Nxd3 Qb6 26.Ne5 b3 27.Qd3 Rc2 28.Re2 Rec8 29.Bf1
Qb4 30.Rdd2 Rc1 31.Qa6 R1c2 32.Rxc2 Rxc2 33.Rxc2 bxc2 34.Qa7 Be7 35.Nd3 Qd6
36.b4 Bd8 37.Qa2 Bb6 38.Qb2 Qe7 39.Kf2 g5 40.Nc5 g4 41.Qxc2 gxf3 42.Kxf3 Bxc5
43.bxc5 Ne4 44.Kg2 Qf6 45.c6 Qe7 46.Bd3 f5 47.Qa2 Qd6 48.Qa8+ Kf7 49.Qh8 Nf8
50.Be2 Nf6 { ...1/2-1/2, Dydyshko Viacheslav 2536 - Izoria Zviad 2565 , Bled
2002 Olympiad } ) 11...c6 12.g4 { -0.15 CAP } ( 12.Nf4 Nc7 13.Bd2 Bd6 14.Rc1
Bf5 15.g4 Bxf4 16.gxf5 Bd6 17.Kh1 Re7 18.Rg1 Nce8 19.Bf1 Bc7 20.Bd3 Nd6 21.Qf3
Qf8 22.Rg2 Nde4 23.Rd1 Kh8 24.Bc1 g5 25.Kg1 Qh6 26.Kf1 Rg8 27.Ke2 g4 28.Rxg4
Nxg4 29.hxg4 Nf6 30.Rh1 Qg5 31.Bd2 Qxg4 32.Rh6 Qxf3+ 33.Kxf3 Kg7 34.Rh4 Ree8
35.e4 dxe4+ 36.Nxe4 Nxe4 37.Bxe4 Bd8 38.f6+ Kxf6 39.Rh6+ Ke7 40.Bf4 Rg6
41.Rxh7 Rf6 42.Ke3 Kd7 43.f3 Bb6 44.Bg5 Rd6 45.Rxf7+ Kc8 46.Bf6 Rxf6 47.Rxf6
Rd8 48.Ke2 { 1/2-1/2, Lein Anatoly 2510 - Byrne Robert E 2510 , USA 1981 Ch
USA } ) 12...h5 { N } ( 12...Bd6 13.Ng3 Bxg3 14.fxg3 h6 15.Qd3 Nc7 16.Bd2 Ne6
17.Rf2 Ng5 18.Raf1 b6 19.Re1 Qd6 20.Kh2 Ra7 21.e4 dxe4 22.Nxe4 Nfxe4 23.Bxe4
Rae7 24.Bf4 Qd8 25.Rfe2 Ba6 26.Qxa6 Rxe4 27.Rxe4 Nxe4 28.Qc4 Re6 29.a4 Qd7
30.Rd1 Nf6 31.g5 Nd5 32.gxh6 Nxf4 33.gxf4 Re3 34.Qf1 Qe6 35.Rd2 Qxh6 36.d5
cxd5 37.Rxd5 Rb3 38.Rb5 Re3 39.Rd5 Qe6 40.Rd8+ Kh7 41.Rd2 Qe4 42.Qf2 g6
43.Qh4+ Kg7 44.Qf2 Rf3 45.Qd4+ Qxd4 46.Rxd4 Rf2+ 47.Kg3 Rxb2 48.Rd6 Rb3+
49.Kg4 Rb4 50.Kg5 Rxa4 51.Rxb6 Ra1 52.Ra6 { ...0-1, Dittmar Peter 2364 -
Schlosser Philipp 2523 , Leinfeld 2000 It (open) } ) ( 12...Nc7 13.Nf4 Bd6
14.Nd3 Ne4 15.f4 Nxc3 16.bxc3 f5 17.g5 a4 18.h4 b5 { 1/2-1/2, Guliev Sarhan
2495 - Kharitonov Andrei V 2550 , Moscow 1995 Ch Chess Club Russia (cat.9) } )
13.g5 Nd7 14.e4 Bxg5 15.exd5 cxd5 16.Nxd5 Nf8 17.f4 Bh4 18.f5 Nh7 19.Nec3 Nf6
20.Nxf6+ Bxf6 21.Nd5 Bd7 22.Bf4 Bc6 23.Nxf6+ Qxf6 24.d5 { ? } ( 24.Be5 { !? }
24...Qg5 25.Rf2 Bxg2 26.Rxg2 { } ) 24...Bb5 25.Rf2 Nc5 26.Bh2 { ? } ( 26.a4 {
!? } 26...Bd7 27.Bc7 h4 28.Qc2 { } ) 26...Nd3 27.Rd2 Qb6+ 28.Kh1 Nf2+ 29.Rxf2
Qxf2 30.Qxh5 Rac8 31.Rg1 Rc2 32.Qg5 f6 33.Qg6 Re1 { } {#R} 0-1

[Event "Ch Arabic Countries"]
[Site "masterchessopen.com Dubai (United Arab Emirates)"]
[Date "2005.09.13"]
[Round "2"]
[White "Adly Ahmed (EGY)"]
[Black "Tissir Mohamed (MAR)"]
[Result "1-0"]
[WhiteElo "2480"]
[BlackElo "2449"]

1.d4 Nf6 2.c4 e6 3.Nc3 Bb4 4.e3 O-O 5.Ne2 d5 6.a3 Be7 7.cxd5 exd5 8.Nf4 Re8
9.Bd3 c6 10.O-O a5 11.f3 Bd6 12.Kh1 Qc7 13.g4 g6 14.Nce2 Na6 15.g5 Nd7 16.e4
Nb6 17.e5 Be7 18.Ng3 Qd8 19.Nfh5 gxh5 20.Nxh5 Kh8 21.Nf6 Bxf6 22.gxf6 Rg8
23.Bh6 Rg6 24.Bxg6 hxg6 25.Bg7+ Kg8 26.Qd2 Qd7 27.e6 fxe6 28.Qh6 Qe8 29.Rg1
{#r} 1-0

[Event "It (open)"]
[Site "masterchessopen.com Calvia (Spain)"]
[Date "2005.10.21"]
[Round "1"]
[White "Campos Moreno Javier B (CHI)"]
[Black "Diez Fraile Mariano (ESP)"]
[Result "1-0"]
[WhiteElo "2470"]
[BlackElo "2110"]

1.d4 Nf6 2.c4 e6 3.Nc3 Bb4 4.e3 O-O 5.Ne2 d5 6.a3 Bxc3+ 7.Nxc3 Nbd7 8.Bd3 dxc4
9.Bxc4 c5 10.O-O Nb6 11.Ba2 cxd4 12.exd4 Nbd5 13.Bg5 Nxc3 14.bxc3 b6 15.Qf3
Rb8 16.Rfe1 Bb7 17.Qg3 Rc8 18.Re5 Kh8 19.Qh3 Qc7 20.Bxf6 gxf6 21.Rh5 Be4
22.Bb1 Qf4 23.Rxh7+ Kg8 24.Bxe4 {#r} 1-0

[Event "Tournament"]
[Site "masterchessopen.com Internet"]
[Date "2005.10.21"]
[Round "1"]
[White "Zbrzezny Aleksander (POL)"]
[Black "Azarov Sergei (BLR)"]
[Result "0-1"]
[WhiteElo "2045"]
[BlackElo "2599"]

1.d4 Nf6 2.c4 e6 3.Nc3 Bb4 4.e3 O-O 5.Ne2 d5 6.a3 Be7 7.Nf4 c6 8.Bd3 Nbd7
9.O-O dxc4 10.Bxc4 e5 11.dxe5 Nxe5 12.Ba2 Bf5 13.b4 Nd3 14.Nxd3 Bxd3 15.Re1
Qd6 16.Bb2 Rad8 17.Qf3 Qc7 18.Rad1 Bg6 19.e4 Bh5 {#R} 0-1

[Event "It (b)"]
[Site "masterchessopen.com Budapest (Hungary)"]
[Date "2005.11.10"]
[Round "5"]
[White "Brustkern Juergen (GER)"]
[Black "Petran Pal (HUN)"]
[Result "0-1"]
[WhiteElo "2236"]
[BlackElo "2417"]

1.d4 Nf6 2.c4 e6 3.Nc3 Bb4 4.e3 O-O 5.Ne2 d5 6.a3 Be7 7.cxd5 Nxd5 8.b4 Nd7
9.Bb2 a5 10.b5 Nxc3 11.Nxc3 e5 12.dxe5 Nxe5 13.Ne4 Qxd1+ 14.Rxd1 Ng6 15.Rc1 c6
16.bxc6 bxc6 17.Nc5 Rb8 18.Bd4 Nh4 19.e4 Bg5 20.Rd1 Re8 21.f3 Nf5 22.Kf2 Nxd4
23.Rxd4 Rb1 24.Rd6 Be7 25.Rxc6 Rc1 26.Bb5 Rxh1 {#R} 0-1

[Event "Match"]
[Site "masterchessopen.com Internet"]
[Date "2005.11.11"]
[Round "0"]
[White "Nakamura Hikaru (USA)"]
[Black "Azarov Sergei (BLR)"]
[Result "1-0"]
[WhiteElo "2662"]
[BlackElo "2599"]

1.d4 Nf6 2.c4 e6 3.Nc3 Bb4 4.e3 O-O 5.Ne2 d5 6.a3 Be7 7.cxd5 exd5 8.Ng3 c6
9.Bd3 a5 10.O-O Re8 11.Qc2 Bf8 12.Nce2 Nbd7 13.f3 c5 14.b3 a4 15.bxa4 c4
16.Bf5 Nb6 17.Bxc8 Qxc8 18.e4 Rxa4 19.Bg5 Nfd7 20.Bc1 Qa8 21.Nc3 Ra5 22.a4 Bb4
23.Nge2 Nb8 24.Ba3 Bxc3 25.Nxc3 Nc6 26.Bc5 Nd7 27.exd5 Nxc5 28.dxc6 Nd3 29.Nb5
bxc6 30.Nc7 Qa7 31.Nxe8 Qxd4+ 32.Kh1 Rh5 33.Rad1 Qe5 34.g3 Qxe8 35.Rd2 Qe3
36.Re2 {#r} 1-0

[Event "Ch Spain (open)"]
[Site "masterchessopen.com Lorca (Spain)"]
[Date "2005.11.12"]
[Round "3"]
[White "Moreno Ruiz Javier (ESP)"]
[Black "Vehi Bach Victor M (ESP)"]
[Result "1-0"]
[WhiteElo "2501"]
[BlackElo "2416"]

1.d4 Nf6 2.c4 e6 3.Nc3 Bb4 4.e3 O-O 5.Ne2 d5 6.a3 Be7 7.cxd5 Nxd5 8.Bd2 Nd7
9.g3 N5b6 10.Bg2 c5 11.O-O a6 12.Qc2 Rb8 13.Rfd1 cxd4 14.Nxd4 Nf6 15.Nce2 Na8
16.Nf3 Qb6 17.Bc3 Nd7 18.Rac1 a5 19.Ne5 Qc7 20.Nxd7 Bxd7 21.Qd2 Qd8 {#r} 1-0

[Event "It (open)"]
[Site "masterchessopen.com Bad Zwesten (Germany)"]
[Round "3"]
[White "Hetey Laszlo (GER)"]
[Black "Van Den Doel Erik (NED)"]
[Result "0-1"]
[WhiteElo "2327"]
[BlackElo "2578"]

1.d4 Nf6 2.c4 e6 3.Nc3 Bb4 4.e3 O-O 5.Ne2 d5 6.a3 Be7 7.cxd5 exd5 8.g3 c6
9.Bg2 Na6 10.O-O Nc7 11.Qc2 Re8 12.Bd2 g6 13.Rad1 Bd6 14.Bc1 Bf5 15.Qb3 Qd7
16.f3 h5 17.Kh1 b5 18.Rde1 Re7 19.Nd1 Bh3 20.Bxh3 Qxh3 21.Qc2 Qd7 22.Nf2 Rae8
23.Bd2 Na8 24.Rc1 Nb6 25.Nc3 c5 26.Rcd1 Qc6 27.Bc1 a5 28.Nd3 cxd4 29.exd4 b4
30.axb4 axb4 31.Bg5 Re6 32.Nc5 Bxc5 33.Nb1 Be7 {#R} 0-1

[Event "It (open)"]
[Site "masterchessopen.com Sevilla (Spain)"]
[Date "2006.01.10"]
[Round "4"]
[White "Mirzoev Azer (AZE)"]
[Black "Vehi Bach Victor M (ESP)"]
[Result "1-0"]
[WhiteElo "2543"]
[BlackElo "2329"]

1.d4 Nf6 2.c4 e6 3.Nc3 Bb4 4.e3 O-O 5.Ne2 d5 6.a3 Be7 7.cxd5 exd5 8.g3 c6
9.Bg2 Bf5 10.h3 Bd6 11.g4 Bc8 12.f4 Nbd7 13.O-O Nb6 14.Ng3 a5 15.b3 Ne8 16.Ra2
Nc7 17.Kh1 Bd7 18.e4 dxe4 19.Ncxe4 Be7 20.f5 Nbd5 21.g5 Re8 22.f6 gxf6 23.gxf6
Nxf6 24.Qf3 Ncd5 25.Bg5 Nxe4 26.Qxf7+ Kh8 27.Bxe4 {#r} 1-0

[Event "Ch France (team) (nat.2) 2005/06"]
[Site "masterchessopen.com France"]
[Date "2006.01.14"]
[Round "5"]
[White "Leroy Didier (FRA)"]
[Black "Kempenich Jean-Michel (FRA)"]
[Result "1-0"]
[WhiteElo "2316"]
[BlackElo "2106"]

1.d4 Nf6 2.c4 e6 3.Nc3 Bb4 4.e3 O-O 5.Ne2 d5 6.a3 Be7 7.Nf4 c6 8.b4 a6 9.Bb2
dxc4 10.Bxc4 Nbd7 11.Bxe6 fxe6 12.Nxe6 Qb6 13.Qb3 Kh8 14.O-O Nb8 15.Nxf8 Bxf8
16.e4 Qd8 17.Rad1 Bg4 18.Rd3 Qe8 19.f4 Be6 20.d5 Bf7 21.Qd1 cxd5 22.e5 Ng8
23.Nxd5 Bxd5 24.Rxd5 Nc6 25.f5 Rd8 26.f6 Nh6 27.e6 Rxd5 28.Qxd5 Qg6 29.fxg7+
Bxg7 30.Rf8+ Ng8 31.Rxg8+ Kxg8 32.e7+ Kh8 33.Qd8+ {#r} 1-0